header

We are fighting the world (Record no. 52687)

MARC details
000 -LEADER
fixed length control field 01660nam a2200361Ia 4500
082 04 - DEWEY DECIMAL CLASSIFICATION NUMBER
Classification number 364.1/06/60973
100 1# - MAIN ENTRY--AUTHOR NAME
Personal name Kynoch, Gary.
245 10 - TITLE STATEMENT
Title We are fighting the world
260 ## - PUBLICATION, DISTRIBUTION, ETC. (IMPRINT)
Place of publication Athens, Ohio :
Name of publisher Ohio University Press,
Year of publication c2005.
300 ## - PHYSICAL DESCRIPTION
Number of Pages xv, 200 p. :
Other physical details ill.
490 1# - SERIES STATEMENT
Series statement New African histories series
505 0# - FORMATTED CONTENTS NOTE
Formatted contents note Urban violence in South Africa -- The anatomy of the Marashea -- Making a living : survival in South Africa -- Urban battlegrounds -- Marashea on the mines : the expansion era -- Vigilantism, "political" violence, and the end of apartheid.
650 #0 - SUBJECT ADDED ENTRY--TOPICAL TERM
Topical Term Gangs
Topical Term Violence
856 40 - ELECTRONIC LOCATION AND ACCESS
Uniform Resource Identifier http://site.ebrary.com/lib/rucke/Doc?id=10091955

No items available.

© 2026 Rongo University
Contact us: librarian | system librarian | Rongo university